000 00307nam a2200121 a 4500
005 20140414131929.0
008 101108s19uu xx 00 eng d
050 _aM 591.7
_bM24 1989
100 _aMcPhails. David
245 _aAnimals A to Z.
260 _aNew York :
_bScholastic,
_c1989.
999 _c112181
_d112181